The Pen and the gun : (Record no. 13128)
[ view plain ]
| 000 -LEADER | |
|---|---|
| fixed length control field | 00675nam a22002052 4500 |
| 001 - CONTROL NUMBER | |
| control field | 0000008823 |
| 005 - DATE AND TIME OF LATEST TRANSACTION | |
| control field | 20151217155836.0 |
| 008 - FIXED-LENGTH DATA ELEMENTS--GENERAL INFORMATION | |
| fixed length control field | 080610s xx 000 0 eng d |
| 020 ## - INTERNATIONAL STANDARD BOOK NUMBER | |
| International Standard Book Number | 1869886135 : |
| Terms of availability | KES 1200 |
| 040 ## - CATALOGING SOURCE | |
| Original cataloging agency | KABU |
| Transcribing agency | KABU |
| 100 1# - MAIN ENTRY--PERSONAL NAME | |
| Personal name | Maina wa Kinyatti. |
| -- | 0000159590 |
| 245 14 - TITLE STATEMENT | |
| Title | The Pen and the gun : |
| Remainder of title | selected essays, letters and poems / |
| Statement of responsibility, etc. | Maina wa Kinyatti. |
| 260 ## - PUBLICATION, DISTRIBUTION, ETC. (IMPRINT) | |
| Place of publication, distribution, etc. | Nairobi : |
| Name of publisher, distributor, etc. | Mau Mau research Center, |
| Date of publication, distribution, etc. | 2006. |
| 300 ## - PHYSICAL DESCRIPTION | |
| Extent | xxi, 289 p. |
| 650 #0 - SUBJECT ADDED ENTRY--TOPICAL TERM | |
| Topical term or geographic name as entry element | Kenya |
| General subdivision | History |
| Chronological subdivision | 1963-. |
| -- | 0000159591 |
| 650 #0 - SUBJECT ADDED ENTRY--TOPICAL TERM | |
| Topical term or geographic name as entry element | Kenya |
| General subdivision | Politics and government |
| Chronological subdivision | 1978-. |
| -- | 0000159584 |
| 908 ## - PUT COMMAND PARAMETER (RLIN) | |
| Put command parameter | 080610 |
| 950 ## - LOCAL HOLDINGS (RLIN) | |
| -- | 1 |
| Withdrawn status | Lost status | Source of classification or shelving scheme | Not for loan | Home library | Current library | Date acquired | Cost, normal purchase price | Inventory number | Total Checkouts | Total Renewals | Full call number | Barcode | Date last seen | Date last checked out | Copy number | Price effective from | Koha item type |
|---|---|---|---|---|---|---|---|---|---|---|---|---|---|---|---|---|---|
| Library of Congress Classification | Kabarak, Main Campus | Kabarak, Main Campus | 17/12/2015 | 1200.00 | 001004/2008 | 8 | 1 | DT433.584 .M35 C.1 | 34589 | 23/05/2023 | 23/05/2023 | C.1 | 17/12/2015 | Africana Collection |